Quizzes
Events
Quiz Creation
Community
Videos
Private Events
Remove Ads
Sign In
Join for FREE
Feedback
Dark Mode
Quiz Categories
Sports
Geography
Music
Movies
Television
Just For Fun
Miscellaneous
History
Literature
Language
Science
Gaming
Entertainment
Religion
Holiday
For Kids
Quiz Lab
Recent
Popular Today
Quiz Kudos Today
Editor Picks
Curator Picks
Quizzes by...
Day
Popularity
Type
Ratings
Length
Year
Community
Subscriptions
Recent Discussions
Orange Saloon
Badges
Playlists
Quests
Create
Leaderboards
Showdown
Live 5
Trivia Bingo
Activity
Puzzle Library
Sporcle Events
Private Events
Virtual Trivia
Globe League
Become a Host
Pub Owners
SporcleCon
Opinionation
Our Games
Videos
Blog
Mobile Apps
Partnerships
Remove Ads and Go Orange
Feedback
Sports
Athletes
MLB
NBA
NHL
NFL
Soccer
Sports Teams
WWE
NCAA
Football
Premier League
Basketball
Baseball
Hockey
Golf
Tennis
Cricket
Rugby
Auto Racing
Olympics
World Cup
Sports
Athletes
MLB
NBA
NHL
NFL
Soccer
Sports Teams
WWE
NCAA
Football
Premier League
Basketball
Baseball
Hockey
Golf
Tennis
Cricket
Rugby
Auto Racing
Olympics
World Cup
Random Quiz
Search Sporcle
×
Quiz Lab
Quiz Lab
Sports
NFL
Type in answers that appear in a list
Type in answers that appear in a list
Classic
Best Score? Go Orange.
Super Bowl MVP chain game Stats
Can you name the Super Bowl MVP chain?
By
diss42
10m
39 Questions
289 Plays
289 Plays
289 Plays
Comments
Comments
Give Quiz Kudos
Give Quiz Kudos
-
- Ratings
hide this ad
More Info
No Skip
Answers have to be entered in order without skipping
Answers have to be entered in order without skipping
Replay
Link that replays current quiz
Next Quiz
Link to next quiz in quiz playlist
You Got
0%
They Got
Avg Score
39%
Avg Friend Score
Upgrade to see
Score Distribution
Jump to the score distribution portion of the page
Score
0/39
Timer
10:00
0
Plays Today
Clue
Name
% Correct
?
???
100%
?
???
85.5%
?
???
84.4%
?
???
83%
?
???
79.9%
?
???
57.4%
?
???
54.7%
?
???
53.6%
?
???
52.9%
?
???
47.4%
?
???
42.6%
?
???
41.2%
?
???
40.8%
?
???
40.8%
?
???
40.5%
?
???
36.7%
?
???
33.6%
?
???
32.5%
?
???
32.2%
?
???
31.5%
Clue
Name
% Correct
?
???
31.1%
?
???
30.8%
?
???
30.8%
?
???
29.4%
?
???
27.3%
?
???
27%
?
???
27%
?
???
27%
?
???
26.6%
?
???
26.6%
?
???
23.5%
?
???
21.8%
?
???
21.8%
?
???
21.8%
?
???
18.3%
?
???
17.3%
?
???
15.6%
?
???
15.6%
?
???
15.6%
Quiz Playlist
Details
Report
Send in Message
Add To Playlist
More Info:
This chain includes every Super Bowl MVP from SB I - SB XLIV. All chain clues are fact based, not opinion. Enjoy!
Classic:
Type in answers that appear in a list
No Skip:
Answers have to be entered in order without skipping
Quiz Source
Last Updated: Feb 16, 2017
Quiz Scoreboard
CHALLENGE
Sign Up to Join the Scoreboard
Show All
Scores
Hide
Comments
May contain spoilers
Recently Published
Presidents Visiting Landmarks
by Hejman
History
7m
An Introduction to Baseball
by treessimontrees
Sports
5m
Movies - When Are They Set?
by FPL_Elf
Movies
5m
More to Explore
Quiz From the Vault
Featured Blog Post
Where Did the Easter Bunny Come From?
hide this ad
You Might Also Like...
Tags
NFL Quiz
Chain Game
Today's Top Quizzes in Sports
Browse Sports
hide this ad
Today's Top Quizzes in NFL
Browse NFL
Top Contributed Quizzes in Sports
1
Les meilleurs buteurs des matchs entre le PSG et l’OM
2
2022 World Cup Stars
3
FIFA Club World Cup Champions
4
Les entraîneurs de l'OM et du PSG au 21e siècle
5
Name the Premier League winners with different clubs
6
5-to-1: UK Sports Teams
7
La finale Lions - Afrique du Sud 2021
8
Criteria MLB: Left Handed Sluggers
9
AFC Teams Reveal (Wrong Answers Minefield)
10
England Test cricketers to play under Nasser Hussain
Explore More
Trending Topics
Marvel
Anime
Disney
NBA
Kpop
Crossword
Harry Potter
Song
Pokémon
Country
WWE
Soccer
Puzzle
The Office
NFL
hide this ad
More By:
diss42
Quiz
Plays
Rating
Category
Featured
Created
NFL QB Rushing Leaders (Season)
64,075
4.45
Sports
Dec 31, 2010
Players with a TD pass in Super Bowl
2,487
4.33
Sports
Jan 10, 2011
MLB players with OPS over 1.000 since 1990
352
4.83
Sports
Apr 22, 2011
NFL RBs/FBs with 50+ catches 2000-2009
329
5.00
Sports
Dec 30, 2010
NFL individual leaders 2000-2009
300
4.67
Sports
Feb 16, 2011
Go to Creator's Profile
Score Distribution
Quiz Creator Spotlight
diss42
Follow
Send a Message
Quizzes Created
-
Created Quiz Play Count
-
More By This Creator
Popular Quizzes Today
1
Find the US States - No Outlines Minefield
2
Find the Countries of Europe - No Outlines Minefield
3
The Countries of the World
4
Find the US States
5
Popular People in 1961
6
US States
7
Risky Map Clicking: Biggest States A-Z
8
Movies - When Are They Set?
More Sports Quizzes
2020 NFL 100 Yard Receiving Games
Quiz Lab
Trending Quizzes
Risky Map Clicking: Least Populous States A-Z
1-10 Letter G Words
1-10 Letter F Words
Risky Map Clicking: Next State Alphabetically
Risky Map Clicking: Biggest States A-Z
Recently Updated
Leaping Animals
pecheneg
Reality TV Shows (A-Z)
bhenderson79
Rickey Henderson's Hall of Fame Teammates
pecheneg
Champions League XIs: Arsenal
pecheneg
Quick Pick: Celebrities in WWE's Hall of Fame
aduchscher
A-Z Keypad Blitz II
pecheneg
Multiple Oscar Actors
pecheneg
Mystery Phrase Blitz: Oscar 'Best Actors'
pecheneg
F. Scott Fitzgerald Novels
LTH
Pick 3 Villains
ddd62291
Trending Topics
Anime
Marvel
Kpop
Disney
Crossword
NBA
Harry Potter
Song
Country
NFL
Soccer
The Office
Puzzle
WWE
Pokémon
Your Account Isn't Verified!
In order to create a playlist on Sporcle, you need to verify the email address you used during registration. Go to your
Sporcle Settings
to finish the process.
Report this User
Report this user for behavior that violates our
Community Guidelines
.
Details:
Send Report
Go to the Sporcle.com Mobile Site →
Comments